LEADER 01582nam0 2200289 450 001 000044442 005 20180404102652.0 100 $a20180319d1956----km-y0itaa50------ba 101 0 $aita 102 $aIT 200 1 $a<>andamento annuo della pioggia in Italia nelle osservazioni ultrasecolari$evalori normali, variazioni, comportamenti eccezionali, singolarità, correlazioni$fCristofaro Mennella 210 $aBologna$cTipografia Mareggiani$d1956 215 $a248 p.$cill.$d26 cm 225 2 $aRicerche sulle variazioni storiche del clima italiano$fConsiglio nazionale delle ricerche, Centro di studi per la geografia fisica. 2$v13 316 $aSulla pagina precedente il frontespizio, firma autografa e data: Gioacchino Viggiani, 20 marzo 1968 410 0$12001$aRicerche sulle variazioni storiche del clima italiano$fConsiglio nazionale delle ricerche, Centro di studi per la geografia fisica. 2$v13 606 1 $aPiovosità$xItalia$xDati statistici 676 $a551.577245$v(22. ed.)$9Precipitazioni. Distribuzione. Italia 700 1$aMennella,$bCristofaro$031905 801 0$aIT$bUniversità della Basilicata - B.I.A.$gREICAT$2unimarc 912 $a000044442 996 $aAndamento annuo della pioggia in Italia nelle osservazioni ultrasecolari$9742747 997 $aUNIBAS CAT $aSTD017$b01$c20180319$lBAS01$h1716 CAT $aTTM$b30$c20180404$lBAS01$h1026 FMT Z30 -1$lBAS01$LBAS01$mBOOK$1BASA2$APolo Tecnico-Scientifico$2FVIG$BFondo Viggiani$3FVig/41960$641960$5T41960$7Collocato presso la Scuola di Agraria$820180319$f35$FStanza riservata LEADER 01834nam 2200337 n 450 001 996391130403316 005 20200824121852.0 035 $a(CKB)4940000000106615 035 $a(EEBO)2240868594 035 $a(UnM)99860123e 035 $a(UnM)99860123 035 $a(EXLCZ)994940000000106615 100 $a19850719d1642 uy | 101 0 $aeng 135 $aurbn||||a|bb| 200 12$aA perfect and true relation of the great and bloudy skirmish, fought before the city of Worcester, upon Friday, Septemb. 23. 1642$b[electronic resource] $eBetween ten troops of our side, consisting but of 500. horse, and the troops of the cavaliers consisting of 1800. horse, commanded by Prince Robert and Prince Maurice. VVith the names of the captains and other officers and troopers that were slaine, wounded, 'and taken prisoners on our side, and also of theirs. Likewise some other passages, 'upon the comming of the Earl of Essex his armie into Worcester the next day. Sent in a letter from Worcester by Mr. William Bowen, ensigne to his Excellence the Earle of Essex. Dated Septemb. 26 210 $aLondon $cPrinted for Jo. Thomas$dOcto. 3. 1642 215 $a7, [1] p 300 $aReproduction of the original in the British Library. 330 $aeebo-0018 607 $aWorcester (England)$xHistory$vEarly works to 1800 607 $aGreat Britain$xHistory, Military$yCivil War, 1642-1649$xCampaigns$vEarly works to 1800 700 $aBowen$b William$cEnsigne to his Excellence the Earle of Essex.$0121824 801 0$bCu-RivES 801 1$bCu-RivES 801 2$bCStRLIN 801 2$bWaOLN 906 $aBOOK 912 $a996391130403316 996 $aA perfect and true relation of the great and bloudy skirmish, fought before the city of Worcester, upon Friday, Septemb. 23. 1642$92353348 997 $aUNISA